Kolory na fladze Seszeli - Statystyki

Ogólne statystyki
  • Ten quiz został rozwiązany 59 razy
  • Średni wynik to 4 z 5
Statystyki odpowiedzi
# Kolor % Poprawnych
1 Niebieski
86%
3 Czerwony
83%
2 Żółty
79%
4 Biały
74%
5 Zielony
71%
Nie znaleziono quizów pasujących do podanych kryteriów
Rozkład punktacji
Procent ludzi z każdym wynikiem
Percentyl według liczby udzielonych odpowiedzi
Twoja historia wyników
Nie rozwiązałeś tego quizu